000 00806nam a22002657a 4500
001 BD-DhSAU 1479
003 BD-DhSAU
005 20150115141735.0
008 150115b2005 ii a||||r|||| 001 0 eng d
020 _a8123912544
040 _aBD-DhSAU
082 _222
_a632.7
_bSII
100 _aSingh, Amerika.
245 _aIntegrated pest management :
_bprinciples and applications /
_cAmerika Singh, O.P. Sharma and D.K. Garg.
250 _a1st edition.
260 _aNew Delhi :
_bCBS Publishers ;
_cc2005.
300 _axiv, 406 p. :
_bill. ;
_c25 cm.
440 _aPrinciples.
_vVol. 1.
504 _aInclude bibliographical references and index.
590 _ajoy
650 _aEntomology.
650 _aAgricultural pests.
_xIntegrated control.
700 _aSharma, O.P.
700 _aGarg, D.K.
942 _2ddc
_cBOOK
999 _c1479
_d1479